[Event "Politiken Cup 2011"]
[Site "Helsingor"]
[Date "2011.07.31"]
[Round "3.104"]
[White "Rasmussen, Ole"]
[Black "Johansen, Johnny Holler"]
[Result "0-1"]
[WhiteElo "1769"]
[BlackElo "1998"]
[PlyCount "70"]
[EventDate "2011.??.??"]
[WhiteTeam "Hillerød"]
[BlackTeam "Frem"]

1. e4 c5 2. Nf3 Nc6 3. d4 cxd4 4. Nxd4 g6 5. Be3 Bg7 6. Nc3 Nf6 7. Bc4 O-O 8.
O-O d6 9. Bb3 Ng4 10. Nxc6 bxc6 11. Bg5 Qc7 12. h3 Ne5 13. Qd2 Ba6 14. Rfe1
Rfe8 15. Bh6 Bh8 16. Kh1 Qc8 17. Rab1 Rb8 18. Nd1 Nc4 19. Bxc4 Bxc4 20. b3 Be6
21. Bf4 Rd8 22. Qe3 Rb7 23. Qg3 Bg7 24. Ne3 f6 25. Ng4 Bxg4 26. Qxg4 Qxg4 27.
hxg4 e5 28. Be3 d5 29. exd5 cxd5 30. c3 Rc7 31. Rbc1 Bf8 32. f4 Ba3 33. Rcd1
exf4 34. Bxf4 Rxc3 35. Re7 Bxe7 0-1

[Event "Politiken Cup 2011"]
[Site "Helsingor"]
[Date "2011.07.31"]
[Round "3.126"]
[White "Savio, Niklas"]
[Black "Skjoldager, Mikael"]
[Result "0-1"]
[WhiteElo "1040"]
[BlackElo "1998"]
[PlyCount "52"]
[EventDate "2011.??.??"]
[WhiteTeam "Caissa"]
[BlackTeam "Evans"]

1. c4 Nf6 2. g3 e5 3. Bg2 Nc6 4. Nc3 Bb4 5. Nd5 Bc5 6. e3 O-O 7. Ne2 Re8 8. O-O
Nxd5 9. cxd5 Ne7 10. d4 exd4 11. Nxd4 d6 12. Re1 Ng6 13. h3 Bd7 14. a4 a6 15.
Qd2 a5 16. Nc2 Ne5 17. b3 Bxh3 18. f4 Bxg2 19. Kxg2 Nd7 20. Rh1 Qe7 21. Qd3
Qe4+ 22. Qxe4 Rxe4 23. Kf3 Rae8 24. Re1 Nf6 25. Bd2 b6 26. Re2 Nxd5 0-1

[Event "Politiken Cup 2011"]
[Site "Helsingor"]
[Date "2011.07.31"]
[Round "3.105"]
[White "Larsen, Hans Haagen"]
[Black "Petersen, Tom"]
[Result "0-1"]
[WhiteElo "1732"]
[BlackElo "1997"]
[PlyCount "148"]
[EventDate "2011.??.??"]
[WhiteTeam "AS04"]
[BlackTeam "Silkeborg"]

1. e4 e6 2. d4 d5 3. e5 c5 4. c3 Nc6 5. Nf3 Bd7 6. Bd3 cxd4 7. cxd4 Nge7 8. Nc3
Ng6 9. O-O Be7 10. Be3 O-O 11. Qd2 a6 12. Rac1 Rc8 13. Ne2 Bb4 14. Qd1 Qb6 15.
a3 Be7 16. Qd2 Na5 17. Rxc8 Rxc8 18. b4 Nc4 19. Bxc4 Rxc4 20. Rc1 Bb5 21. Nc3
Rc6 22. Nxb5 Qxb5 23. Rxc6 Qxc6 24. Qc1 Qxc1+ 25. Bxc1 Kf8 26. g3 Ke8 27. Kf1
Kd7 28. Ke2 Kc6 29. Kd3 Kb5 30. Ne1 Ka4 31. Nc2 h6 32. h4 Bd8 33. Kc3 Ne7 34.
g4 Nc6 35. h5 Be7 36. f4 Bf8 37. f5 a5 38. f6 axb4+ 39. axb4 g6 40. hxg6 fxg6
41. Ba3 Na7 42. Kd3 Nb5 43. Bc1 Kb3 44. Bd2 h5 45. gxh5 gxh5 46. Ne3 Nc7 47.
Ng2 Na6 48. Nh4 Nxb4+ 49. Ke2 Nc6 50. Be3 Kc4 51. Ng6 Ba3 52. f7 Nxd4+ 53. Kf2
Nc6 54. Bg5 Bc5+ 55. Kf1 Bf8 56. Bf6 Bh6 57. Nf4 Nd4 58. Nxh5 Nf5 59. Nf4 Nd4
60. Kf2 b5 61. Be7 b4 62. f8=Q Bxf8 63. Bxf8 b3 64. Ba3 Kc3 65. Bc1 b2 66.
Bxb2+ Kxb2 67. Ke3 Kc3 68. Nh3 Nf5+ 69. Kf4 d4 70. Nf2 d3 71. Ne4+ Kc2 72. Kg5
d2 73. Nxd2 Kxd2 74. Kf6 Nd4 0-1

[Event "Politiken Cup 2011"]
[Site "Helsingor"]
[Date "2011.07.31"]
[Round "3.106"]
[White "Diaz, Linda"]
[Black "Nielsen, Peter"]
[Result "1-0"]
[WhiteElo "1988"]
[BlackElo "1802"]
[PlyCount "55"]
[EventDate "2011.??.??"]
[WhiteTeam "Marshall"]
[BlackTeam "Enkeltmedlem"]

1. e4 c5 2. Nf3 Nc6 3. d4 cxd4 4. Nxd4 g6 5. Nxc6 bxc6 6. Qd4 f6 7. Bc4 Qb6 8.
Qd3 e6 9. O-O Bg7 10. Qa3 Bf8 11. Qd3 a5 12. Nc3 Ba6 13. Rd1 d5 14. Bxa6 Qxa6
15. Qh3 Kf7 16. Be3 Ne7 17. Na4 Nc8 18. b3 Qb7 19. Bd4 c5 20. Bxc5 Bxc5 21.
Nxc5 Qc6 22. Qe3 Nb6 23. Re1 dxe4 24. Nxe4 Rad8 25. Qf3 Nd5 26. c4 e5 27. cxd5
Rxd5 28. Rac1 1-0

[Event "Politiken Cup 2011"]
[Site "Helsingor"]
[Date "2011.07.31"]
[Round "3.112"]
[White "Jensen, Soren Holm"]
[Black "Kopperberg, Steen"]
[Result "1-0"]
[WhiteElo "1984"]
[BlackElo "1782"]
[PlyCount "43"]
[EventDate "2011.??.??"]
[WhiteTeam "Brønshøj"]
[BlackTeam "Frederiksværk"]

1. e4 e6 2. d4 d5 3. Nd2 dxe4 4. Nxe4 Nf6 5. Nxf6+ Qxf6 6. Nf3 h6 7. Bd3 Bd6 8.
O-O O-O 9. Qe2 Nc6 10. c3 Bd7 11. Re1 Rfd8 12. Ne5 Bxe5 13. dxe5 Qe7 14. Qe4 f5
15. exf6 Qxf6 16. Bf4 Rac8 17. Rad1 Kf8 18. Re3 Ke7 19. Rf3 e5 20. Bg3 Qe6 21.
Bh4+ Ke8 22. Qg6+ 1-0

[Event "Politiken Cup 2011"]
[Site "Helsingor"]
[Date "2011.07.31"]
[Round "3.107"]
[White "Rasmussen, Lars"]
[Black "Gupta, Sudhir Kumar"]
[Result "1-0"]
[WhiteElo "1981"]
[BlackElo "1791"]
[PlyCount "39"]
[EventDate "2011.??.??"]
[WhiteTeam "Åbyhøj"]
[BlackTeam "Stavanger"]

1. e4 Nf6 2. e5 Nd5 3. d4 d6 4. Nf3 e6 5. Be2 dxe5 6. Nxe5 Nd7 7. O-O Nxe5 8.
dxe5 Be7 9. c4 Nb6 10. Bd3 O-O 11. Qc2 h6 12. Nc3 c6 13. Re1 Qc7 14. Bf4 Nd7
15. Re3 Bg5 16. Bxg5 hxg5 17. Bh7+ Kh8 18. Rh3 Qxe5 19. Bg8+ Kxg8 20. Qh7# 1-0

[Event "Politiken Cup 2011"]
[Site "Helsingor"]
[Date "2011.07.31"]
[Round "3.108"]
[White "Rosell, Sven"]
[Black "Nielsen, Leo"]
[Result "1/2-1/2"]
[WhiteElo "1979"]
[BlackElo "1775"]
[PlyCount "103"]
[EventDate "2011.??.??"]
[WhiteTeam "LASK"]
[BlackTeam "Helsingør"]

1. c4 e5 2. Nc3 Nf6 3. Nf3 Nc6 4. g3 Bc5 5. Bg2 e4 6. Ng5 Bxf2+ 7. Kxf2 Ng4+ 8.
Kg1 Qxg5 9. Nxe4 Qe5 10. e3 d6 11. d4 Qf5 12. h3 Nf6 13. Qf3 Nxe4 14. Qxe4+ Ne7
15. Bd2 c6 16. Rf1 Qxe4 17. Bxe4 Be6 18. Bd3 d5 19. c5 b6 20. Rc1 b5 21. a4 a6
22. Ra1 Bf5 23. Be2 Be4 24. axb5 Bxh1 25. Kxh1 Kd7 26. bxa6 h5 27. Bd3 Ke6 28.
Kg2 f5 29. Ba5 h4 30. Bc7 hxg3 31. Bxg3 g5 32. Be5 Rhg8 33. Rf1 Rgf8 34. Bd6
Rf7 35. b4 Nc8 36. Bg3 Na7 37. Ra1 f4 38. exf4 gxf4 39. Re1+ Kd7 40. Bh2 Nb5
41. Bxb5 cxb5 42. Ra1 f3+ 43. Kf2 Kc6 44. h4 Rfa7 45. Be5 Rxa6 46. Rxa6+ Rxa6
47. Kxf3 Ra4 48. h5 Rxb4 49. h6 Rb3+ 50. Kg2 Rb2+ 51. Kf3 Rb3+ 52. Kg2 1/2-1/2

[Event "Politiken Cup 2011"]
[Site "Helsingor"]
[Date "2011.07.31"]
[Round "3.109"]
[White "Haug, Johannes"]
[Black "Bauder, Herbert"]
[Result "1-0"]
[WhiteElo "1725"]
[BlackElo "1971"]
[PlyCount "63"]
[EventDate "2011.??.??"]
[WhiteTeam "Nordstrand"]
[BlackTeam "SG Lasker-Stieglitz Berlin"]

1. e4 c5 2. c3 g6 3. d4 cxd4 4. cxd4 d5 5. exd5 Nf6 6. Bb5+ Bd7 7. Bc4 b5 8.
Bb3 a5 9. a3 Bg7 10. Nc3 Qb6 11. Nf3 O-O 12. Ne5 Bc8 13. Be3 Ba6 14. Qf3 Ra7
15. g4 Qd6 16. g5 Nfd7 17. Ne4 Nxe5 18. dxe5 Qd7 19. Bxa7 Qxa7 20. d6 Bxe5 21.
Rd1 exd6 22. O-O a4 23. Bd5 b4 24. Rfe1 b3 25. Nf6+ Kg7 26. h4 Nd7 27. Nxd7
Qxd7 28. Rd2 Rc8 29. Kg2 Rc5 30. Rxe5 dxe5 31. Qf6+ Kf8 32. Be6 1-0

[Event "Politiken Cup 2011"]
[Site "Helsingor"]
[Date "2011.07.31"]
[Round "3.110"]
[White "Vesterli, Michael E"]
[Black "Andersen, Guttorm"]
[Result "1-0"]
[WhiteElo "1969"]
[BlackElo "1768"]
[PlyCount "53"]
[EventDate "2011.??.??"]
[WhiteTeam "BMS"]
[BlackTeam "SK Stjernen"]

1. d4 d5 2. c4 c6 3. Nf3 Nf6 4. Nc3 e6 5. Bg5 Nbd7 6. e3 Qa5 7. cxd5 Nxd5 8.
Qd2 Bb4 9. Rc1 N7f6 10. Bd3 O-O 11. O-O c5 12. Qc2 h6 13. Bh4 cxd4 14. Nxd4
Bxc3 15. bxc3 Bd7 16. e4 g5 17. exd5 e5 18. Nb3 Qxd5 19. Bg3 e4 20. Be2 Rac8
21. Rfd1 Qf5 22. c4 a5 23. Rd6 Rfe8 24. Qc3 Re6 25. Nd4 Qg6 26. Nxe6 Bxe6 27.
Rcd1 1-0

[Event "Politiken Cup 2011"]
[Site "Helsingor"]
[Date "2011.07.31"]
[Round "3.113"]
[White "Knudsen, Jes West"]
[Black "Pedersen, Carl Aage"]
[Result "1-0"]
[WhiteElo "1960"]
[BlackElo "1752"]
[PlyCount "97"]
[EventDate "2011.??.??"]
[WhiteTeam "Allerød"]
[BlackTeam "Gladsaxe"]

1. e4 c5 2. Nf3 d6 3. d4 cxd4 4. Qxd4 Nc6 5. Bb5 Bd7 6. Bxc6 Bxc6 7. Nc3 Nf6 8.
Bg5 e5 9. Qd3 h6 10. Bxf6 gxf6 11. O-O-O Qa5 12. Nh4 O-O-O 13. Nf5 h5 14. Qc4
Qc7 15. Rd3 a6 16. Nd5 Bxd5 17. Qxd5 Kb8 18. Rhd1 Rd7 19. Kb1 Qd8 20. c4 Qc7
21. c5 Qc6 22. Qxc6 bxc6 23. Nxd6 Rg8 24. Rb3+ Ka8 25. Rb6 Bxd6 26. Rxc6 Rxg2
27. Rcxd6 Rc7 28. Rxa6+ Kb7 29. Rb6+ Ka7 30. Rxf6 Rxh2 31. b4 Rh4 32. f3 Rh2
33. Rd5 Rb7 34. a3 Rh1+ 35. Ka2 h4 36. c6 Rc7 37. Rxe5 h3 38. Rh5 h2 39. Rfh6
Rf1 40. Rxh2 Rxf3 41. b5 Kb6 42. Rc2 f6 43. Rb2 Ra7 44. Rb3 Rf2+ 45. Kb1 Rg7
46. Rh1 Re2 47. a4 Ra7 48. Rb4 Rf2 49. Rc1 1-0

[Event "Politiken Cup 2011"]
[Site "Helsingor"]
[Date "2011.07.31"]
[Round "3.127"]
[White "Elzubeir, Omar"]
[Black "Olofsson-Dolk, Mattis"]
[Result "0-1"]
[WhiteElo "1497"]
[BlackElo "1951"]
[PlyCount "98"]
[EventDate "2011.??.??"]
[WhiteTeam "Frederiksværk"]
[BlackTeam "Växsjo"]

1. e4 c5 2. c4 Nc6 3. Nf3 d6 4. Be2 Bg4 5. Nc3 Nf6 6. h3 Bxf3 7. Bxf3 g6 8. d3
Bg7 9. O-O Nd4 10. Nb5 Nxb5 11. cxb5 Nd7 12. Rb1 a6 13. bxa6 Rxa6 14. a3 O-O
15. b4 b6 16. Be2 Ra7 17. Qb3 Qa8 18. f4 Rc8 19. Bf3 e6 20. e5 d5 21. Bb2 cxb4
22. axb4 Bh6 23. g3 Rac7 24. Ra1 Qb8 25. Rfc1 Nxe5 26. Rxc7 Nxf3+ 27. Kg2 Nh4+
28. gxh4 Qxc7 29. Rc1 Qb7 30. Rxc8+ Qxc8 31. Kf3 e5 32. Bxe5 Qxh3+ 33. Ke2 Qg2+
34. Ke3 Qg3+ 35. Kd4 Bxf4 36. Bxf4 Qxf4+ 37. Kxd5 Qxh4 38. Kc6 Qf6+ 39. Kb5 h5
40. Qc4 h4 41. d4 Kg7 42. d5 h3 43. d6 Qxd6 44. Qc3+ Qf6 45. Qxh3 Qf5+ 46. Qxf5
gxf5 47. Kxb6 f4 48. b5 f3 49. Kc6 f2 0-1

[Event "Politiken Cup 2011"]
[Site "Helsingor"]
[Date "2011.07.31"]
[Round "3.114"]
[White "Hess, Peter"]
[Black "Asmund, Erik"]
[Result "1/2-1/2"]
[WhiteElo "1948"]
[BlackElo "1739"]
[PlyCount "42"]
[EventDate "2011.??.??"]
[BlackTeam "Gråsten"]

1. e4 e5 2. Nf3 d6 3. d4 exd4 4. Nxd4 Bd7 5. Bc4 Nf6 6. O-O Be7 7. Nc3 O-O 8.
Nf5 Bxf5 9. exf5 c6 10. Bf4 d5 11. Be2 Bd6 12. Qd2 Qc7 13. Bxd6 Qxd6 14. g4 h6
15. Rad1 Nbd7 16. f4 Rfe8 17. Bf3 Qc5+ 18. Kg2 Qe3 19. h4 Qxd2+ 20. Rxd2 Nc5
21. g5 Nfe4 1/2-1/2

[Event "Politiken Cup 2011"]
[Site "Helsingor"]
[Date "2011.07.31"]
[Round "3.115"]
[White "Svane, Frederik"]
[Black "Hinrichs, Jan"]
[Result "0-1"]
[WhiteElo "1699"]
[BlackElo "1947"]
[PlyCount "66"]
[EventDate "2011.??.??"]
[WhiteTeam "Lübecker Schackverein"]
[BlackTeam "Hamburger Schachklub"]

1. e4 c5 2. Nf3 Nf6 3. Nc3 d5 4. e5 Nfd7 5. Bb5 e6 6. d4 Nc6 7. Be3 Qc7 8. O-O
cxd4 9. Bxd4 Nxd4 10. Qxd4 Be7 11. Rae1 O-O 12. Re2 f6 13. exf6 Bxf6 14. Qd3
Nc5 15. Qe3 a6 16. Bd3 Rd8 17. Nd4 e5 18. Nxd5 Rxd5 19. Bc4 Qf7 20. Qf3 exd4
21. Bxd5 Be6 22. Bxe6 Nxe6 23. Qd5 Nf4 24. Qxf7+ Kxf7 25. Re4 Nd5 26. a3 Rc8
27. Re2 Nb6 28. b3 Nd5 29. f4 Ne3 30. Rc1 d3 31. Rxe3 d2 32. Rd1 Bd4 33. Kf2
Re8 0-1

[Event "Politiken Cup 2011"]
[Site "Helsingor"]
[Date "2011.07.31"]
[Round "3.116"]
[White "Krokay, Urszula"]
[Black "Hansen, Anders"]
[Result "0-1"]
[WhiteElo "1940"]
[BlackElo "1721"]
[PlyCount "86"]
[EventDate "2011.??.??"]
[WhiteTeam "Oksir Wiznia Mala"]
[BlackTeam "Harplinge"]

1. e4 c5 2. Nf3 Nc6 3. Bb5 e6 4. O-O Qc7 5. Re1 Nf6 6. c3 Ng4 7. d4 cxd4 8.
cxd4 Nb4 9. Nc3 a6 10. Ba4 b5 11. Bb3 Bb7 12. h3 h5 13. hxg4 hxg4 14. Ne5 Bd6
15. Qxg4 Bxe5 16. dxe5 Nd3 17. Rd1 Rh1+ 18. Kxh1 Nxf2+ 19. Kh2 Nxg4+ 20. Kg3
Nf6 21. Kf2 Qxe5 22. g3 Nxe4+ 23. Nxe4 Qxe4 24. Bf4 Qg2+ 25. Ke3 Qxb2 26. Rac1
Bc6 27. Rc5 Qg2 28. Bd6 O-O-O 29. Rd3 Kb7 30. Bd1 Rc8 31. Kd4 Qxa2 32. Bb3 Qb2+
33. Ke3 Qg2 34. Rdc3 Qe4+ 35. Kd2 Rh8 36. Bc2 Rh2+ 37. Kc1 Rh1+ 38. Kb2 Qe1 39.
Bf4 Qa1+ 40. Kb3 f6 41. Be3 Bd5+ 42. Kb4 Rb1+ 43. Bb3 Qa4# 0-1

[Event "Politiken Cup 2011"]
[Site "Helsingor"]
[Date "2011.07.31"]
[Round "3.117"]
[White "Zachariassen, John"]
[Black "Clausen, Hansjorgen"]
[Result "1-0"]
[WhiteElo "1936"]
[BlackElo "1675"]
[PlyCount "85"]
[EventDate "2011.??.??"]
[WhiteTeam "Enkeltmedlem"]
[BlackTeam "Gråsten"]

1. c4 Nf6 2. Nf3 d6 3. Nc3 e5 4. d3 Be7 5. g3 c6 6. Bg2 Nbd7 7. O-O O-O 8. Rb1
a6 9. b4 Qc7 10. a4 Rb8 11. b5 c5 12. Bd2 b6 13. Nh4 a5 14. Nf5 Qd8 15. e4 Bb7
16. f4 g6 17. Nh6+ Kg7 18. f5 Ng8 19. Qc1 g5 20. f6+ Bxf6 21. Nf5+ Kg6 22. Bh3
h6 23. Nd1 Be7 24. Nde3 f6 25. Qd1 Kh7 26. Bg4 Bc8 27. Rb2 Rb7 28. Bc1 Nb8 29.
h4 Bd7 30. hxg5 fxg5 31. Rh2 Rf6 32. Kg2 Bf8 33. Rfh1 Rg6 34. Bh5 Bxf5 35. exf5
Rf6 36. Bf3 Rbf7 37. Be4 Bg7 38. g4 Nd7 39. Nf1 Qe7 40. Bxg5 Qf8 41. Ng3 Kh8
42. Qd2 Kh7 43. Be3 1-0

[Event "Politiken Cup 2011"]
[Site "Helsingor"]
[Date "2011.07.31"]
[Round "3.118"]
[White "Jorgensen, Orla Eilegaard"]
[Black "Rasmussen, Morten"]
[Result "1/2-1/2"]
[WhiteElo "1673"]
[BlackElo "1931"]
[PlyCount "74"]
[EventDate "2011.??.??"]
[WhiteTeam "Allerød"]
[BlackTeam "Skanderborg"]

1. e4 c6 2. d4 d5 3. e5 Bf5 4. Nf3 e6 5. c4 dxc4 6. Bxc4 Bb4+ 7. Nc3 Ne7 8. O-O
Bg4 9. Be2 Nf5 10. Be3 O-O 11. a3 Ba5 12. h3 Bxf3 13. Bxf3 Bb6 14. Ne2 Qh4 15.
Qd2 Nxe3 16. fxe3 Nd7 17. Nc3 Rad8 18. Qc2 Nxe5 19. dxe5 Bxe3+ 20. Kh1 Rd2 21.
Qb3 Bf4 22. Ne4 Rfd8 23. Nxd2 Qg3 24. Kg1 Qh2+ 25. Kf2 Rxd2+ 26. Be2 Bg3+ 27.
Qxg3 Rxe2+ 28. Kxe2 Qxg3 29. Rad1 Qxg2+ 30. Rf2 Qe4+ 31. Kf1 Kf8 32. Rd7 Qb1+
33. Kg2 c5 34. Rfxf7+ Ke8 35. Rde7+ Kd8 36. Rd7+ Kc8 37. Rc7+ Kd8 1/2-1/2

[Event "Politiken Cup 2011"]
[Site "Helsingor"]
[Date "2011.07.31"]
[Round "3.153"]
[White "Simonsen, Per"]
[Black "Kristensen, Lars Østergaard"]
[Result "1-0"]
[WhiteElo "1912"]
[BlackElo "1544"]
[PlyCount "115"]
[EventDate "2011.??.??"]
[BlackTeam "Lyngby.Virum"]

1. d4 d5 2. c4 e6 3. Nc3 c5 4. e3 Nf6 5. Nf3 Nc6 6. cxd5 exd5 7. Ne5 cxd4 8.
exd4 Be7 9. Bb5 Bd7 10. Nxd7 Qxd7 11. O-O O-O 12. Re1 Rfe8 13. Bg5 a6 14. Ba4
b5 15. Bb3 Na5 16. Bc2 h6 17. Bh4 Nc4 18. b3 Nb6 19. Qd3 g6 20. h3 Nh5 21. Bg3
Bd6 22. Be5 Re7 23. Qf3 Rae8 24. g4 Ng7 25. Nxd5 Nxd5 26. Qxd5 Bxe5 27. Qxd7
Rxd7 28. dxe5 Ne6 29. Rad1 Red8 30. Rxd7 Rxd7 31. Rd1 Rxd1+ 32. Bxd1 Nf4 33. h4
Nd3 34. e6 fxe6 35. a4 Nf4 36. f3 bxa4 37. bxa4 a5 38. Kf2 g5 39. hxg5 hxg5 40.
Ke3 Kf7 41. Kd4 Ke7 42. Kc5 Kd7 43. Kb6 Kc8 44. Kxa5 Kb7 45. Bc2 Ne2 46. Be4+
Ka7 47. Kb4 e5 48. a5 Nf4 49. Kb5 Ne6 50. Kc6 Ka6 51. Kd6 Nf8 52. Kxe5 Kxa5 53.
Kf6 Kb6 54. Ke7 Kc5 55. Kxf8 Kd6 56. Kf7 Ke5 57. Kg6 Kf4 58. Kf6 1-0

[Event "Politiken Cup 2011"]
[Site "Helsingor"]
[Date "2011.07.31"]
[Round "3.119"]
[White "Nielsen, Preben"]
[Black "Skovle, Lars"]
[Result "1-0"]
[WhiteElo "1904"]
[BlackElo "1656"]
[PlyCount "67"]
[EventDate "2011.??.??"]
[WhiteTeam "Helsingør"]
[BlackTeam "Helsinge"]

1. e4 Nf6 2. Nc3 d5 3. e5 Nfd7 4. f4 Nb6 5. Nf3 Bg4 6. Be2 c5 7. d3 Nc6 8. h3
Bxf3 9. Bxf3 e6 10. O-O Be7 11. Ne2 Qc7 12. c3 h6 13. d4 g5 14. Bh5 Rf8 15.
fxg5 Bxg5 16. Bxg5 hxg5 17. Qd2 O-O-O 18. Qxg5 Rg8 19. Qf6 Rdf8 20. Rf2 Nc4 21.
Rd1 Nxb2 22. Rd2 Nc4 23. Rd3 cxd4 24. cxd4 Nd8 25. Bg4 Rg6 26. Qxg6 fxg6 27.
Rxf8 Qe7 28. Rf6 g5 29. Nc3 Kc7 30. Bxe6 Nb6 31. Bxd5 Qb4 32. Bb3 Nc6 33. Rd6
Nc4 34. Nd5+ 1-0

[Event "Politiken Cup 2011"]
[Site "Helsingor"]
[Date "2011.07.31"]
[Round "3.75"]
[White "Jacobsen, Per"]
[Black "Moller, Arne"]
[Result "1/2-1/2"]
[WhiteElo "1670"]
[BlackElo "1881"]
[PlyCount "27"]
[EventDate "2011.??.??"]
[WhiteTeam "Ålborg"]
[BlackTeam "Amager"]

1. b3 e5 2. Bb2 d6 3. e3 Nf6 4. Nf3 Bg4 5. Be2 Be7 6. d4 e4 7. Nfd2 Bxe2 8.
Qxe2 d5 9. c4 c6 10. Nc3 Na6 11. a3 O-O 12. cxd5 cxd5 13. O-O Rc8 14. Rac1
1/2-1/2

[Event "Politiken Cup 2011"]
[Site "Helsingor"]
[Date "2011.07.31"]
[Round "3.120"]
[White "Frederiksen, Jens"]
[Black "Andersen, Troels Baekgaard"]
[Result "0-1"]
[WhiteElo "1876"]
[BlackElo "1620"]
[PlyCount "30"]
[EventDate "2011.??.??"]
[WhiteTeam "Caissa Woluwè"]
[BlackTeam "Skovbo"]

1. e4 c5 2. Bc4 d6 3. Nc3 Nf6 4. Nge2 Nc6 5. a3 a6 6. d4 cxd4 7. Nxd4 Nxd4 8.
Qxd4 Qc7 9. Be3 Ng4 10. Nd5 Qc6 11. Nb4 Qc7 12. Bd2 Ne5 13. Bb3 e6 14. f4 Nc6
15. O-O Nxd4 0-1

[Event "Politiken Cup 2011"]
[Site "Helsingor"]
[Date "2011.07.31"]
[Round "3.121"]
[White "Borg, Flemming"]
[Black "Meldal, Peter"]
[Result "0-1"]
[WhiteElo "1851"]
[BlackElo "1526"]
[PlyCount "92"]
[EventDate "2011.??.??"]
[WhiteTeam "Allerød"]
[BlackTeam "Taastrup"]

1. b4 Nf6 2. Bb2 e6 3. a3 c6 4. c4 d5 5. c5 Be7 6. f4 O-O 7. Nf3 b6 8. cxb6
axb6 9. e3 Nbd7 10. Bd3 c5 11. b5 c4 12. Bc2 Nc5 13. Ne5 Bb7 14. O-O Nfd7 15.
g4 Nxe5 16. Bxe5 Nd7 17. Bc3 Bf6 18. g5 Bxg5 19. Qg4 Bh6 20. Kf2 f5 21. Qg2
Qh4+ 22. Ke2 Rab8 23. Bd4 Qh5+ 24. Ke1 Qh4+ 25. Kd1 Qe7 26. Nc3 g6 27. h4 Bg7
28. Bxg7 Qxg7 29. Qh2 Nf6 30. Rb1 Rbd8 31. Ne2 Qe7 32. Nd4 Rc8 33. Rg1 Ng4 34.
Qg3 h5 35. Ke2 Rf6 36. a4 Kh7 37. Qe1 e5 38. fxe5 Qxe5 39. Kd1 f4 40. Nf3 Qd6
41. e4 dxe4 42. Bxe4 Bxe4 43. Ng5+ Kh6 44. Nxe4 Qd3 45. Nc3 Ne3+ 46. Kc1 Qc2#
0-1

[Event "Politiken Cup 2011"]
[Site "Helsingor"]
[Date "2011.07.31"]
[Round "3.122"]
[White "Rodvik, Trym Daniel"]
[Black "Abildgaard, Kim"]
[Result "1-0"]
[WhiteElo "1843"]
[BlackElo "1446"]
[PlyCount "37"]
[EventDate "2011.??.??"]
[WhiteTeam "Hamar Sjakkselskap"]
[BlackTeam "Dragsholm"]

1. e4 e5 2. Nf3 d6 3. d4 exd4 4. Nxd4 h6 5. Nc3 Nf6 6. h3 Be7 7. Be3 Bd7 8. Bc4
Nc6 9. Qd2 Ne5 10. Bb3 a6 11. f4 Ng6 12. g4 c5 13. Nf5 Bxf5 14. gxf5 Nh4 15.
Qf2 Nd7 16. Rg1 g6 17. fxg6 Nxg6 18. O-O-O Nb6 19. Bxc5 1-0

[Event "Politiken Cup 2011"]
[Site "Helsingor"]
[Date "2011.07.31"]
[Round "3.123"]
[White "Overas, Jan"]
[Black "Okland, Sveinung"]
[Result "0-1"]
[WhiteElo "1503"]
[BlackElo "1836"]
[PlyCount "62"]
[EventDate "2011.??.??"]
[BlackTeam "Sandness"]

1. d4 d5 2. c4 Nc6 3. e3 e5 4. dxe5 d4 5. exd4 Qxd4 6. Qxd4 Nxd4 7. Bd3 Bg4 8.
f3 Be6 9. b3 O-O-O 10. Nd2 Bb4 11. f4 Nh6 12. Ne2 Nf3+ 13. gxf3 Rxd3 14. a3
Bxd2+ 15. Bxd2 Rhd8 16. Bc3 Nf5 17. Rg1 Rxf3 18. Rd1 Rxd1+ 19. Kxd1 Rh3 20. Ng3
g6 21. Nxf5 Bxf5 22. Rg3 Rxh2 23. Bd2 h5 24. b4 h4 25. Rc3 Rg2 26. Be1 h3 27.
Rg3 h2 28. Rxg2 h1=Q 29. Rg3 Qe4 30. Rc3 Bg4+ 31. Kd2 Qe2+ 0-1

[Event "Politiken Cup 2011"]
[Site "Helsingor"]
[Date "2011.07.31"]
[Round "3.125"]
[White "Løndalen, Sindre"]
[Black "Hald, Morten Hansen"]
[Result "0-1"]
[WhiteElo "1000"]
[BlackElo "1829"]
[PlyCount "66"]
[EventDate "2011.??.??"]
[WhiteTeam "Sevland"]
[BlackTeam "Køge"]

1. e4 e5 2. Nf3 Nc6 3. Nc3 Nf6 4. Bb5 d6 5. h3 Bd7 6. Bxc6 Bxc6 7. d4 Nxe4 8.
Nxe4 Bxe4 9. Ng5 Bc6 10. O-O h6 11. Nf3 e4 12. Re1 Be7 13. Nd2 d5 14. f3 Bh4
15. Re2 Qf6 16. fxe4 Qxd4+ 17. Kh1 dxe4 18. c3 Qd3 19. Qf1 O-O-O 20. Nb3 Qd1
21. Bd2 Qxf1+ 22. Rxf1 Bb5 23. Rxe4 Bxf1 24. Rxh4 Rhe8 25. Rf4 Bb5 26. Rxf7 Bc4
27. Rxg7 Bxb3 28. Bxh6 Bxa2 29. Bf4 Rd7 30. Rg5 Bd5 31. h4 Re4 32. g3 Re1+ 33.
Kh2 Rh1# 0-1

[Event "Politiken Cup 2011"]
[Site "Helsingor"]
[Date "2011.07.31"]
[Round "3.128"]
[White "Christiansen, Niels Jorgen"]
[Black "Kyrkjebo, Hanna B"]
[Result "0-1"]
[WhiteElo "1768"]
[BlackElo "1518"]
[PlyCount "72"]
[EventDate "2011.??.??"]
[WhiteTeam "Helsinge"]
[BlackTeam "Stavanger"]

1. d4 d5 2. c4 c6 3. Nc3 Nf6 4. Bf4 dxc4 5. e4 b5 6. a3 e6 7. Be2 Be7 8. Bf3
Bb7 9. Nge2 O-O 10. O-O Nbd7 11. Bg3 Nb6 12. e5 Nfd5 13. Ne4 Qc7 14. N2c3 Rfd8
15. Bg4 a6 16. f4 Ne3 17. Qf3 Nxf1 18. Rxf1 Rxd4 19. f5 exf5 20. Qxf5 Rf8 21.
Nf6+ Bxf6 22. exf6 Qd7 23. fxg7 Re8 24. Qxd7 Nxd7 25. Bh5 Re7 26. Bf2 Rf4 27.
Rd1 c5 28. Bg3 Rd4 29. Rf1 Rd2 30. Bf3 Bxf3 31. Rxf3 Rxb2 32. Nd5 Ree2 33. Nf4
Rb1+ 34. Rf1 Rxf1+ 35. Kxf1 Ra2 36. Nd5 Rxa3 0-1

[Event "Politiken Cup 2011"]
[Site "Helsingor"]
[Date "2011.07.31"]
[Round "3.129"]
[White "Nordstrom, Håkon Namtved"]
[Black "Svane, Troels"]
[Result "1-0"]
[WhiteElo "1768"]
[BlackElo "1500"]
[PlyCount "47"]
[EventDate "2011.??.??"]
[WhiteTeam "Fanø Sjakklubb"]
[BlackTeam "Lubecker Schachverein"]

1. e4 d6 2. d4 Nf6 3. Nc3 g6 4. f4 Bg7 5. Nf3 O-O 6. Be3 Nbd7 7. Qd2 Ng4 8. Bg1
c5 9. h3 Ngf6 10. O-O-O cxd4 11. Bxd4 b6 12. e5 Ne8 13. Bc4 Nc5 14. Bxc5 bxc5
15. Ng5 Bb7 16. e6 f6 17. Nf7 Qb6 18. f5 g5 19. h4 h6 20. hxg5 fxg5 21. Nxh6+
Bxh6 22. Rxh6 Rf6 23. Qxg5+ Ng7 24. Rdh1 1-0

[Event "Politiken Cup 2011"]
[Site "Helsingor"]
[Date "2011.07.31"]
[Round "3.130"]
[White "Merkesvik, Sondre"]
[Black "Edvardsson, Hannu K"]
[Result "1-0"]
[WhiteElo "1762"]
[BlackElo "1482"]
[PlyCount "69"]
[EventDate "2011.??.??"]
[WhiteTeam "Bergens"]

1. e4 e5 2. Nf3 Nc6 3. Bc4 Bc5 4. c3 d6 5. d4 exd4 6. cxd4 Bb4+ 7. Bd2 Bxd2+ 8.
Nbxd2 Bg4 9. Qb3 Qf6 10. Qxb7 Rd8 11. Qxc6+ Bd7 12. Qd5 Ne7 13. Qg5 Qxg5 14.
Nxg5 O-O 15. Nxf7 Rxf7 16. O-O Kf8 17. Bxf7 Kxf7 18. Rac1 c6 19. Nc4 d5 20.
Ne5+ Kg8 21. Nxd7 Rxd7 22. e5 Rb7 23. b3 h6 24. g4 a5 25. f4 a4 26. Rf3 Rb4 27.
Rd1 Ng6 28. f5 Ne7 29. Kf2 Kh7 30. h4 Nc8 31. h5 Na7 32. f6 gxf6 33. exf6 Kg8
34. f7+ Kf8 35. Re1 1-0

[Event "Politiken Cup 2011"]
[Site "Helsingor"]
[Date "2011.07.31"]
[Round "3.131"]
[White "Hojgard, Brandur"]
[Black "Maechel, Michael"]
[Result "1/2-1/2"]
[WhiteElo "1480"]
[BlackElo "1756"]
[PlyCount "88"]
[EventDate "2011.??.??"]
[WhiteTeam "TT Tofir"]
[BlackTeam "Helsingør"]

1. d4 Nf6 2. Nf3 d5 3. c4 c6 4. Nc3 e6 5. Bg5 Bb4 6. a3 Bxc3+ 7. bxc3 Nbd7 8.
Qa4 Qc7 9. Bxf6 Nxf6 10. Nd2 O-O 11. e3 Bd7 12. Qc2 e5 13. Be2 e4 14. cxd5 cxd5
15. c4 Rac8 16. h3 Rfe8 17. Qb3 Qa5 18. Qb4 Qc7 19. O-O a5 20. Qb2 Bc6 21. Rfc1
Qd8 22. Rc3 dxc4 23. Bxc4 Bd5 24. Rac1 Bxc4 25. Rxc4 Rxc4 26. Rxc4 Qd7 27. Qc2
b5 28. Rc7 Qe6 29. Rc5 Qa6 30. Rc6 Qb7 31. Rc7 Qa6 32. Qc5 a4 33. Ra7 Qc8 34.
Qxb5 Qc1+ 35. Nf1 Qxa3 36. Qxa4 Qxa4 37. Rxa4 g6 38. Nd2 Nd5 39. Kh1 f5 40. Ra2
f4 41. Nc4 Rc8 42. Nd6 Rc6 43. Nxe4 fxe3 44. fxe3 Nxe3 1/2-1/2